Statistiques concernant Carte séquentielle aléatoire des pays d'Afrique

Cliquez ici pour prendre le quiz!

Statistiques générales

  • Ce quiz a été pris 15 872 fois
    (1 101 depuis la dernière actualisation)
  • Le résultat moyen est 46 sur 54

Réponses sur la Carte

Les réponses sont colorées sur une échelle allant du rouge au vert en fonction du pourcentage des utilisateurs qui les ont devinées à leur premier essai. Vous pouvez retrouver ces pourcentages ci-dessous.
Chargement ...
 

Statistiques - réponses

Pays% Correct
Algérie
88%
République démocratique du Congo
88%
Tunisie
88%
Afrique du Sud
88%
Égypte
88%
Éthiopie
88%
Maroc
88%
Madagascar
87%
Mali
87%
Mauritanie
87%
Niger
87%
Île Maurice
87%
Nigeria
87%
Somalie
87%
Soudan
87%
Togo
87%
Lesotho
87%
Libye
87%
Érythrée
87%
Djibouti
87%
Soudan du Sud
86%
Cap-Vert
86%
Gambie
86%
Namibie
86%
Mozambique
86%
Tchad
86%
Cameroun
86%
République Centrafricaine
86%
Rwanda
86%
Angola
86%
Sao Tomé-et-Principe
86%
Eswatini
86%
Kenya
86%
Côte d'Ivoire
86%
Sénégal
86%
Seychelles
85%
Tanzanie
85%
Botswana
85%
Bénin
85%
Gabon
85%
Guinée équatoriale
85%
Malawi
85%
Guinée-Bissau
85%
Zimbabwe
85%
République du Congo
84%
Comores
84%
Sierra Leone
84%
Burkina Faso
84%
Liberia
84%
Guinée
84%
Ghana
84%
Ouganda
84%
Zambie
84%
Burundi
83%

Distribution des résultats

Percentile par nombre de réponses

% des personnes avec chaque résultat

Votre développement - résultats

Vous n’avez pas pris ce quiz depuis la dernière actualisation